Statistics for MLB: All Decade Teams-1930s

Click here to take the quiz!

General Stats

  • This quiz has been taken 29 times
  • The average score is 6 of 14

Answer Stats

PositionPlayer% Correct
First BaseLou Gehrig
96%
UtilityJimmie Foxx
63%
CatcherBill Dickey
58%
OutfieldJoe DiMaggio
54%
Second BaseCharlie Gehringer
46%
Starting PitcherDizzy Dean
42%
Starting PitcherCarl Hubbell
38%
Starting PitcherLefty Grove
38%
OutfieldPaul Waner
29%
ShortstopArky Vaughan
25%
OutfieldMel Ott
25%
Starting PitcherLefty Gomez
21%
Starting PitcherRed Ruffing
21%
Third BaseHarlond Clift
8%

Score Distribution

Percentile by Number Answered

Percent of People with Each Score

Your Score History

You have not taken this quiz